V rusyňskim puľsi k nedožytij devjatdesjatci Vasylja Zozuljaka

Bibliographic Details
Main Author: Hirjak, Michal, 1933-2007 (Author)
Format: Article
Language:Slavic languages
PhysicalDescription:Fotogr.
Subjects:

MARC

LEADER 00000cab a2200000 a 4500
001 vtls000701768
003 SK-MaSNL
005 20260318121907.0
008 240612c1999 xo 0 sla
015 |a SNBRB1999/09-20132 
035 |a CLN000053935 
040 |a SNKBUCL  |b slo  |c SNKBUCL  |e AACR2 
041 0 |a sla  |a rue 
044 |a xo  |c SK 
080 |a 82:929:883 (437.6)  |2 UDC-MRF-SK2 
080 |a 883 (437.6):929  |2 UDC-MRF-SK2 
080 |a 374-051  |2 UDC-MRF-SK2 
080 |a 008-051  |2 UDC-MRF-SK2 
100 1 |a Hirjak, Michal,  |d 1933-2007  |4 aut  |9 192510 
245 1 0 |a V rusyňskim puľsi  |b k nedožytij devjatdesjatci Vasylja Zozuljaka  |c Mychajlo Hyrjak 
300 |b Fotogr. 
600 1 7 |a Zozuľák, Vasiľ,  |d 1909-1994  |2 snkbucl  |9 192393 
651 7 |a Medzilaborce (Slovensko : okres)  |2 snkbucl  |9 29394 
651 7 |a Prešov (Slovensko)  |2 snkbucl  |9 17347 
655 7 |a články z novín a časopisov  |2 snkbucl  |9 267496 
773 0 |t Narodny novynky  |g Roč. 9, č. 38 (1999), s. 2 
850 |a Slovenská národná knižnica v Martine 
852 |a SNK  |b KIS3GCP 
958 |a RN 
958 |a SK 
958 |a LX 
999 |c 3255084  |d 3257014